000
00209nam a22000857a 4500
008
160711b xxu||||| |||| 00| 0 eng d
100
_9
2609
_a
Olsen, V
245
_a
Daktar II
260
_a
Chicago
_b
Moody Press
_c
1990
999
_c
2265
_d
2265